000 00753nam a2200229 a 4500
001 13853
003 BD-JhCC
005 20240423123450.0
008 180114s19992021b |||| || | 000 0 b d
020 _a9844380278
035 _a(BD-JhCC13853
040 _aBD-JhCC
_dBD-JhCC
041 _aBengali
082 _a297.1227
_bRAH 2021
100 _a রহমান, ড. মুহাম্মদ মুস্তাফিজুর
245 _aকোরআন শরীফ /
_cঅনু: ড. মুহাম্মদ মুস্তাফিজুর রহমান
260 _aঢাকা :
_bখােশরোজ কিতাব মহল;
_c2021.
300 _a406 p. :
_c22 cm.
650 _aAl- Quran
942 _2ddc
_cBK
999 _c13853
_d13853